Vista normal Vista MARC

Entrada Personal Name

Número de registros utilizados en: 1

001 - CONTROL NUMBER

  • control field: 8230

003 - CONTROL NUMBER IDENTIFIER

  • control field: OSt

005 - DATE AND TIME OF LATEST TRANSACTION

  • control field: 20200731104206.0

008 - FIXED-LENGTH DATA ELEMENTS

  • fixed length control field: 200731|| aca||aabn | a|a d

040 ## - CATALOGING SOURCE

  • Original cataloging agency: OSt
  • Transcribing agency: OSt

100 ## - HEADING--PERSONAL NAME

  • Personal name: Pilar Giraldo Gorina

670 ## - SOURCE DATA FOUND

  • Source citation: Work cat.: (OSt)3548: Süskind, Patrick , autor 8229, El perfume : , ©1998